Pokémon - Attacken von Enekoro in SD/LP - Statistiken

Allgemein
  • Dieses Quiz wurde 2 mal gespielt
  • Das Durchschnittsergebnis liegt bei 38 aus 61
Antwortstatistiken
Antwort % Korrekt
Anziehung
100%
Blizzard
100%
Charme
100%
Delegator
100%
Donner
100%
Donnerblitz
100%
Donnerwelle
100%
Eisstrahl
100%
Erholung
100%
Hyperstrahl
100%
Knuddler
100%
Mogelhieb
100%
Regentanz
100%
Risikotackle
100%
Rutenschlag
100%
Säuselstimme
100%
Schutzschild
100%
Sonnentag
100%
Spukball
100%
Tackle
100%
Angeberei
50%
Aquawelle
50%
Ausdauer
50%
Bezirzer
50%
Blitz
50%
Bodyguard
50%
Doppelteam
50%
Eisenschweif
50%
Fassade
50%
Gedankengut
50%
Gegenstoß
50%
Gesang
50%
Gigastoß
50%
Heuler
50%
Kosmik-Kraft
50%
Kraftschub
50%
Kratzfurie
50%
Kulleraugen
50%
Ladestrahl
50%
Psycho-Plus
50%
Ränkeschmied
50%
Rechte Hand
50%
Schaufler
50%
Schlafrede
50%
Schockwelle
50%
Solarstrahl
50%
Stafette
50%
Stärke
50%
Strauchler
50%
Traumfresser
50%
Trugträne
50%
Vitalglocke
50%
Wankelstrahl
50%
Zen-Kopfstoß
50%
Zertrümmerer
50%
Zuflucht
50%
Aufruhr
0%
Imitator
0%
Spaßkanone
0%
Tiefschlag
0%
Wunschtraum
0%
Keine übereinstimmenden Quizze gefunden
Verteilung der Resultate
Anzahl Personen mit jedem Resultat
Perzentil nach korrekt beantworteten Fragen
Ihre Resultats-Entwicklung
Sie haben dieses Quiz noch nicht gespielt